[Event "Valpovo op (Women)"]
[Site "Valpovo"]
[Date "2013.12.06"]
[Round "2"]
[White "Roklicer, Heike"]
[Black "Mahmutbegovic, Nadina"]
[Result "1/2-1/2"]
[WhiteElo "1763"]
[BlackElo "1801"]
[PlyCount "119"]
[EventDate "2013.12.06"]
[EventType "swiss"]
[EventRounds "7"]
[EventCountry "CRO"]
[SourceTitle "CBM 157 Extra"]
[Source "ChessBase"]
[SourceDate "2013.12.19"]
[SourceVersion "1"]
[SourceVersionDate "2013.12.19"]
[SourceQuality "1"]

1. d4 d5 2. c4 e6 3. Nc3 Nf6 4. Nf3 Be7 5. Bg5 h6 6. Bh4 0-0 7. e3 c6 8. cxd5 exd5 9. Bd3 Be6 10. 0-0 Nbd7 11. Rc1 Re8 12. Bg3 Nh5 13. Re1 Nxg3 14. hxg3 Bg4 15. Bc2 Nf6 16. Qd3 Bd6 17. Nd2 Bh5 18. Qf1 Qb6 19. Nb3 Qd8 20. Bd3 Ne4 21. Nxe4 dxe4 22. Be2 Bg6 23. Bc4 h5 24. Be2 h4 25. gxh4 Qxh4 26. g3 Qh6 27. Qg2 Bf5 28. Qh2 Be6 29. Qxh6 gxh6 30. Nc5 Bxc5 31. Rxc5 Bxa2 32. Kg2 Bd5 33. Bc4 Bxc4 34. Rxc4 Rad8 35. Rc5 Re6 36. Rec1 Kg7 37. Kf1 Rdd6 38. b4 a6 39. Ke2 Rf6 40. Re5 Rde6 41. Rec5 Rd6 42. Re5 Rfe6 43. Rec5 Rg6 44. Re5 Rde6 45. Rec5 Rg5 46. Rd1 Rd6 47. Rdc1 Rxc5 48. bxc5 Rd8 49. Rb1 Rb8 50. Rb6 Kf8 51. d5 cxd5 52. c6 Ke8 53. cxb7 a5 54. Kd2 Kd7 55. Rb5 Kc6 56. Rxa5 Rxb7 57. Ra2 Kc5 58. Rc2+ Kd6 59. Ra2 Kc5 60. Rc2+ 1/2-1/2

[Event "EU-ch U18 Girls 23rd"]
[Site "Budva"]
[Date "2013.10.01"]
[Round "3"]
[White "Mahmutbegovic, Nadina"]
[Black "Hoare, Amy B"]
[Result "0-1"]
[WhiteElo "1809"]
[BlackElo "1930"]
[PlyCount "100"]
[EventDate "2013.09.29"]
[EventType "swiss"]
[EventRounds "9"]
[EventCountry "MNE"]
[SourceTitle "CBM 156 Extra"]
[Source "ChessBase"]
[SourceDate "2013.10.22"]
[SourceVersion "1"]
[SourceVersionDate "2013.10.22"]
[SourceQuality "1"]

1. e4 e5 2. Nc3 Nf6 3. Nf3 Nc6 4. a3 a6 5. d4 exd4 6. Nxd4 d6 7. Be2 Be7 8. 0-0 0-0 9. f4 Re8 10. Be3 Bf8 11. Bf3 Bd7 12. h3 Na5 13. Bf2 c5 14. Nde2 Bc6 15. Bh4 Nc4 16. Qc1 Be7 17. b3 Nb6 18. Bf2 Bf8 19. Bh4 Be7 20. Bf2 Qc7 21. g4 Bf8 22. Ng3 Rad8 23. g5 Nfd7 24. Qd2 Nc8 25. Rad1 b5 26. Nd5 Bxd5 27. Qxd5 Ndb6 28. Qd2 Ne7 29. h4 d5 30. e5 d4 31. h5 Nbd5 32. Bxd5 Nxd5 33. Ne4 Qd7 34. Qe2 Nxf4 35. Qf3 Nd5 36. c4 bxc4 37. bxc4 Nb6 38. h6 Nxc4 39. hxg7 Bxg7 40. Nxc5 Nxe5 41. Qh5 Qc6 42. Rc1 Nf3+ 43. Kg2 Ne1+ 44. Kg3 Be5+ 45. Kh4 Ng2+ 46. Kg4 Nf4 47. Qh1 f5+ 48. gxf6 h5+ 49. Kg3 Ng2+ 50. Kh3 Qf3+ 0-1

[Event "BIH-chT (Women)"]
[Site "Neum"]
[Date "2013.09.06"]
[Round "2"]
[White "Mahmutbegovic, Nadina"]
[Black "Milutinovic, Stefana"]
[Result "1-0"]
[WhiteElo "1809"]
[BlackElo "2029"]
[PlyCount "83"]
[EventDate "2013.09.05"]
[EventType "team-swiss"]
[EventRounds "5"]
[EventCountry "BIH"]
[SourceTitle "CBM 156 Extra"]
[Source "ChessBase"]
[SourceDate "2013.10.22"]
[SourceVersion "1"]
[SourceVersionDate "2013.10.22"]
[SourceQuality "1"]

1. e4 e6 2. d4 d5 3. exd5 exd5 4. Bd3 c5 5. dxc5 Bxc5 6. Nf3 Nf6 7. 0-0 0-0 8. h3 Nc6 9. c3 Bb6 10. Bf4 Re8 11. Nbd2 h6 12. Qc2 Be6 13. Rfe1 Rc8 14. Qd1 d4 15. cxd4 Nxd4 16. b3 Nd5 17. Nxd4 Bxd4 18. Be5 Bxa1 19. Bxa1 Nf6 20. Qf3 Bd5 21. Rxe8+ Qxe8 22. Qd1 Qc6 23. Bb2 Rd8 24. Qe2 Re8 25. Qf1 Qe6 26. Nc4 a6 27. Ne3 Be4 28. Bc4 Qc6 29. Qd1 b5 30. Bf1 Rc8 31. Ng4 Ne8 32. Qd4 h5 33. Nh6+ Qxh6 34. Qxe4 Qe6 35. Qf3 Rc2 36. Bd4 Qe1 37. Be3 Nc7 38. Qb7 a5 39. Qc8+ Kh7 40. Qf5+ Kg8 41. Qxc2 Ne6 42. Bd2 1-0

[Event "BIH-chT (Women)"]
[Site "Neum"]
[Date "2013.09.06"]
[Round "3"]
[White "Tomic, Milanka"]
[Black "Mahmutbegovic, Nadina"]
[Result "1/2-1/2"]
[WhiteElo "1672"]
[BlackElo "1809"]
[PlyCount "66"]
[EventDate "2013.09.05"]
[EventType "team-swiss"]
[EventRounds "5"]
[EventCountry "BIH"]
[SourceTitle "CBM 156 Extra"]
[Source "ChessBase"]
[SourceDate "2013.10.22"]
[SourceVersion "1"]
[SourceVersionDate "2013.10.22"]
[SourceQuality "1"]

1. d4 d5 2. c4 e5 3. dxe5 d4 4. Nf3 Nc6 5. a3 Nge7 6. e3 Bg4 7. Be2 dxe3 8. Qxd8+ Rxd8 9. Bxe3 Bxf3 10. Bxf3 Nxe5 11. Be2 N7g6 12. Nc3 c6 13. 0-0 Be7 14. Rad1 0-0 15. g3 b6 16. f4 Nd7 17. Bf3 Nb8 18. b4 Rxd1 19. Rxd1 Rd8 20. Rxd8+ Bxd8 21. Bd4 Ne7 22. Kf2 Bc7 23. Bg4 Kf8 24. Ke3 f6 25. h4 h5 26. Bh3 Ke8 27. Kf3 Nd7 28. Ne4 Nc8 29. Bf5 Ne7 30. Bh3 Nc8 31. Bf5 Ne7 32. Bh3 Nc8 33. Bf5 Ne7 1/2-1/2